Bohaterowie Blok ekipy - Statystyki

Ogólne statystyki
  • Ten quiz został rozwiązany 314 razy
  • Średni wynik to 14 z 36
Statystyki odpowiedzi
Postać % Poprawnych
Spejson
99%
Walo
98%
Wojtas
97%
Cieślak
96%
Solaris
89%
Pan Wiesio
88%
Rudy
88%
Wiesław Paleta
73%
Łysa
71%
Cjalis
59%
Kołacina
56%
Ziółek
52%
Halinka
42%
Maciora
39%
Siorka Wojtasa
37%
Barman
31%
Łysy
25%
Buda
22%
Justin
20%
Gruby
19%
Ochroniarz
19%
Parówa
18%
Mati
17%
Witold Śruta
17%
Czesław Walasik
16%
Bogdan Rekin
15%
Pan Marek
15%
Seba
14%
Gratis LPG
12%
Fagot
11%
Sasza
11%
Właściciel Speluno
9%
Pyra
8%
Malutki
7%
Moszna
7%
Artiom
5%
Nie znaleziono quizów pasujących do podanych kryteriów
Rozkład punktacji
Procent ludzi z każdym wynikiem
Percentyl według liczby udzielonych odpowiedzi
Twoja historia wyników
Nie rozwiązałeś tego quizu